Introducción a la sociología /

Introducción a las bases clásicas de la sociología y los textos que constituyen su aportación principal, cuyo autor –el marxista inglés Thomas Burton Bottomore (1920-1992)- expone las principales dificultades teórico-metodológicas de la disciplina.

Guardado en:
Bibliografiske detaljer
Hovedforfatter: Bottomore, Thomas B. (autor)
Andre forfattere: Pinilla de las Heras, Esteban (prólogo) (prólogo), Solé Tura, Jordi (traducción) (traducción)
Format: Bog
Sprog:spansk
Udgivet: Barcelona, España : Península, 1972, c1972
Udgivelse:5a edición
Serier:(Historia, Ciencia, Sociedad ; 12)
Fag:
Tags: Tilføj Tag
Ingen Tags, Vær først til at tagge denne postø!

MARC

LEADER 00000nam^a2200000^a^4500
001 000000803
005 20250521000000.0
009 20260310083040.616
037 |a Acervo ITESO - Biblioteca 
041 |a ESP 
082 |a 300. 1  |b BOT 
100 |a Bottomore, Thomas B.  |e (autor) 
245 1 0 |a Introducción a la sociología /  |c T.B. Bottomore ; pról. de E. Pinilla de las Heras ; tr. por J. Solé Tura. 
250 |a 5a edición 
264 4 |a Barcelona, España :  |b Península,  |c 1972, c1972 
300 |a 405 p. 
336 |a texto  |b txt  |2 rdacontenido 
337 |a sin mediación  |b n  |2 rdamedio 
338 |a volumen  |b nc  |2 rdasoporte 
440 1 |a (Historia, Ciencia, Sociedad ;  |v 12) 
500 |a Traducción de: Sociology. A Guide to Problems and Literature 
520 |a Introducción a las bases clásicas de la sociología y los textos que constituyen su aportación principal, cuyo autor –el marxista inglés Thomas Burton Bottomore (1920-1992)- expone las principales dificultades teórico-metodológicas de la disciplina. 
649 |a XX 
650 |a Instituciones 
650 |a Grupos Sociales 
650 |a Población 
650 |a Control Social 
650 |a Cambios Sociales y Culturales 
650 |a Sociología -  |x Metodología 
650 |a Sociología -  |x Teoría -  |x Tema Principal 
650 |a Sociología -  |x Generalidades -  |x Tema Principal 
700 |a Pinilla de las Heras, Esteban  |e (prólogo) 
700 |a Solé Tura, Jordi  |e (traducción) 
910 |a Fondo General 
920 |a Impresos - Libros 
930 |a Colección General 
905 |a 101 
901 |a 0008030100  |b IT1  |c ACC  |i 000803  |u 20250521 
902 |a https://opac.biblio.iteso.mx/vufind/Record/000000803